[Event "Neuquen Patagonia op 1st"]
[Site "Neuquen"]
[Date "2015.11.23"]
[Round "3"]
[White "Perez, Maximiliano"]
[Black "Goyeneche, Roberto"]
[Result "1-0"]
[WhiteElo "2422"]
[BlackElo "2101"]
[PlyCount "79"]
[EventDate "2015.11.21"]
[EventType "swiss"]
[EventRounds "9"]
[EventCountry "ARG"]
[SourceTitle "CBM 169 Extra"]
[Source "ChessBase"]
[SourceDate "2015.12.18"]
[SourceVersion "1"]
[SourceVersionDate "2015.12.18"]
[SourceQuality "1"]

1. e4 e6 2. d4 d5 3. Nd2 Ne7 4. Ngf3 Ng6 5. g3 c5 6. Bg2 Nc6 7. exd5 exd5 8. 0-0 c4 9. Re1+ Be7 10. c3 0-0 11. h4 Bg4 12. Qc2 Qd7 13. Nh2 Be6 14. Ndf3 Bd6 15. Qd1 f6 16. h5 Nge7 17. Nh4 g5 18. hxg6 hxg6 19. Qe2 Kf7 20. Bf3 Rae8 21. Ng2 Rh8 22. Bf4 Nf5 23. Bxd6 Qxd6 24. Nf4 Nd8 25. Qf1 Kg7 26. Qg2 Ne7 27. Re2 Bf7 28. Rae1 Qd7 29. Nxd5 Bxd5 30. Bxd5 Nxd5 31. Rxe8 Rxe8 32. Rxe8 Qxe8 33. Qxd5 b5 34. Nf1 Nf7 35. Ne3 f5 36. Qb7 Kh6 37. d5 Nd6 38. Qxa7 Qe4 39. Qb8 Qe5 40. Qc7 1-0

[Event "Mar del Plata Vasta Memorial"]
[Site "Mar del Plata"]
[Date "2014.06.03"]
[Round "2"]
[White "Goyeneche, Roberto"]
[Black "Di Muro, Matias"]
[Result "1/2-1/2"]
[WhiteElo "2151"]
[BlackElo "2292"]
[PlyCount "152"]
[EventDate "2014.05.13"]
[EventType "tourn"]
[EventRounds "10"]
[EventCountry "ARG"]
[EventCategory "1"]
[SourceTitle "EXT 2017"]
[Source "ChessBase"]
[SourceDate "2016.10.25"]
[SourceVersion "1"]
[SourceVersionDate "2016.10.25"]
[SourceQuality "1"]

1. f4 d5 2. Nf3 c6 3. b3 Nf6 4. Bb2 g6 5. c4 Bg7 6. e3 0-0 7. Be2 Nbd7 8. 0-0 Nc5 9. b4 Ne6 10. d4 b6 11. Ne5 Bb7 12. c5 Nd7 13. Nxd7 Qxd7 14. Nc3 bxc5 15. bxc5 Nc7 16. Rb1 Qe6 17. Bc1 Ba6 18. Bxa6 Nxa6 19. Qa4 Nxc5 20. Qc2 Nd7 21. Na4 Rab8 22. Bd2 Qf5 23. Qxf5 gxf5 24. Rbc1 Nb6 25. Nb2 Nc8 26. Nd3 Nd6 27. Rxc6 Nc4 28. Rd1 Rb7 29. Kf2 Rfb8 30. Ra6 Ra8 31. Ke2 Rb6 32. Ra4 a5 33. Rc1 Rab8 34. Rc2 Rb5 35. Bc3 R8b6 36. Nc5 Rg6 37. Kd3 Rb1 38. Rxc4 dxc4+ 39. Kxc4 Rgb6 40. Bxa5 Rb8 41. a4 Ra1 42. g3 e6 43. Rc3 Ra2 44. Bb4 Bf8 45. Ra3 Rc2+ 46. Bc3 Bd6 47. a5 Bc7 48. Kd3 Rc1 49. a6 Ra8 50. Kc4 Rb1 51. Bb4 Rb8 52. a7 R1xb4+ 53. Kc3 Rb1 54. axb8Q+ Rxb8 55. Ra2 Bd6 56. Rd2 Bf8 57. Rb2 Ra8 58. Nd7 Rc8+ 59. Kd3 Bd6 60. e4 fxe4+ 61. Kxe4 Ra8 62. f5 exf5+ 63. Kxf5 Kg7 64. Ne5 Bxe5 65. dxe5 Re8 66. g4 h6 67. h4 Re6 68. Rd2 Ra6 69. g5 hxg5 70. Kxg5 Rg6+ 71. Kf5 Rh6 72. Kg5 Rg6+ 73. Kf4 Rh6 74. Kg3 Rg6+ 75. Kh3 Re6 76. Rd5 f6 1/2-1/2

[Event "Mar del Plata Vasta Memorial"]
[Site "Mar del Plata"]
[Date "2014.05.27"]
[Round "2"]
[White "Goyeneche, Roberto"]
[Black "Rosito, Jorge"]
[Result "1/2-1/2"]
[WhiteElo "2151"]
[BlackElo "2381"]
[PlyCount "36"]
[EventDate "2014.05.13"]
[EventType "tourn"]
[EventRounds "10"]
[EventCountry "ARG"]
[EventCategory "1"]
[SourceTitle "EXT 2017"]
[Source "ChessBase"]
[SourceDate "2016.10.25"]
[SourceVersion "1"]
[SourceVersionDate "2016.10.25"]
[SourceQuality "1"]

1. d4 Nf6 2. c4 e6 3. Nc3 Bb4 4. f3 d5 5. e3 0-0 6. a3 Be7 7. cxd5 exd5 8. Bd3 c5 9. Nge2 Nc6 10. 0-0 Re8 11. Kh1 a6 12. dxc5 Bxc5 13. e4 dxe4 14. Nxe4 Be7 15. N2c3 Ne5 16. Bc2 Be6 17. Bf4 Nc4 18. Rb1 Qxd1 1/2-1/2

[Event "Mar del Plata Vasta Memorial"]
[Site "Mar del Plata"]
[Date "2014.05.24"]
[Round "2"]
[White "Goyeneche, Roberto"]
[Black "Fraile, Jorge"]
[Result "1/2-1/2"]
[WhiteElo "2151"]
[BlackElo "2355"]
[PlyCount "76"]
[EventDate "2014.05.13"]
[EventType "tourn"]
[EventRounds "10"]
[EventCountry "ARG"]
[EventCategory "1"]
[SourceTitle "EXT 2017"]
[Source "ChessBase"]
[SourceDate "2016.10.25"]
[SourceVersion "1"]
[SourceVersionDate "2016.10.25"]
[SourceQuality "1"]

1. d4 g6 2. c4 Bg7 3. Nc3 d6 4. e4 Nc6 5. d5 Nd4 6. Be3 c5 7. Nge2 Qb6 8. Rb1 e5 9. dxe6 Bxe6 10. Nf4 Ne7 11. Bd3 0-0 12. 0-0 Rae8 13. Re1 a6 14. Bf1 Qc6 15. g3 Qc7 16. Nxe6 fxe6 17. f4 e5 18. Bg2 Kh8 19. Rf1 Qd7 20. Qd3 Rb8 21. Rf2 b5 22. Rbf1 Qe6 23. Nd5 exf4 24. gxf4 bxc4 25. Qa3 Nxd5 26. exd5 Qe7 27. Kh1 c3 28. Bc1 cxb2 29. Bxb2 Qb7 30. Be4 Qb5 31. f5 gxf5 32. Bxf5 Rxf5 33. Bxd4 Qxf1+ 34. Rxf1 Rxf1+ 35. Kg2 Rbf8 36. Bxg7+ Kxg7 37. Qg3+ Kh8 38. Qxd6 R8f5 1/2-1/2

[Event "Mar del Plata Vasta Memorial"]
[Site "Mar del Plata"]
[Date "2014.05.20"]
[Round "1"]
[White "Goyeneche, Roberto"]
[Black "Anino, Sergio"]
[Result "1-0"]
[WhiteElo "2151"]
[BlackElo "2156"]
[PlyCount "87"]
[EventDate "2014.05.13"]
[EventType "tourn"]
[EventRounds "10"]
[EventCountry "ARG"]
[EventCategory "1"]
[SourceTitle "EXT 2017"]
[Source "ChessBase"]
[SourceDate "2016.10.25"]
[SourceVersion "1"]
[SourceVersionDate "2016.10.25"]
[SourceQuality "1"]

1. c4 e6 2. g3 d5 3. Bg2 c6 4. b3 dxc4 5. bxc4 Qd4 6. Nc3 Qxc4 7. Bb2 Nf6 8. Nf3 Nbd7 9. 0-0 Be7 10. d3 Qb4 11. Rb1 Qa5 12. e4 0-0 13. Qe2 e5 14. Nh4 Re8 15. Ba1 Nf8 16. Nf5 Bc5 17. Ne3 Ne6 18. Qd1 b5 19. a4 a6 20. Ne2 Qc7 21. Qc2 Qa7 22. Bxe5 Nd7 23. Ba1 Bxe3 24. fxe3 Qxe3+ 25. Kh1 Bb7 26. d4 Nb6 27. Rb3 Qg5 28. axb5 cxb5 29. Rf5 Qg6 30. Rc3 Nc4 31. d5 Nc5 32. Nf4 Qb6 33. Nh5 Qa5 34. Rf1 Nd7 35. Rxc4 bxc4 36. Qb2 c3 37. Qxb7 Ne5 38. Bh3 Qc5 39. d6 Ra7 40. Qd5 Qe3 41. d7 Rxd7 42. Bxd7 c2 43. Bxe8 c1Q 44. Bxf7+ 1-0